| 000 | 00710nam a2200265Ia 4500 | ||
|---|---|---|---|
| 005 | 20260429111937.0 | ||
| 008 | 260429s9999||||xx |||||||||||||| ||und|| | ||
| 020 | _a9789391063252 | ||
| 041 | _aEnglish | ||
| 082 |
_a576 _bSEN |
||
| 100 | _aSengar, R. S. | ||
| 245 | 0 |
_aTechniques of microbiology / _cR. S. Sengar |
|
| 250 | _a1st ed. | ||
| 260 |
_aNew Delhi : _bNarendra Publishing House, _c2024. |
||
| 300 | _axxiii, 303 p.; hb | ||
| 650 | _a Biotechnology | ||
| 650 | _a Laboratory methods | ||
| 650 | _a Microbial techniques | ||
| 650 | _aMicrobiology | ||
| 700 | _a Chaudhary, Reshu | ||
| 700 | _a Gupta, Shalini | ||
| 700 | _a Katoch, Shailja | ||
| 700 | _a Rani, Varsha | ||
| 942 | _cTB | ||
| 999 |
_c51545 _d51545 |
||